000 00825nam a2200289Ia 4500
001 1769
003 IT-RoPAU
008 130308s9999 xx 000 0 und d
040 _aIT-RoPAU
040 _cIT-RoPAU
041 _aITALIANO
100 _aPolverini Leandro
100 _gCodice Aut. SPICS: 2436
245 _aStoriografia e propaganda-La crisi del III secolo nella storiografia latina del IV
245 _bCanali della propaganda nel Mondo Antico (I)
250 _a1a ed.
260 _aMILANO
260 _bVita e Pensiero
260 _c1976 [1° Ed.:1976 - Ed.Ling.Originale:1976]
300 _a"19 p. (prefazione: no ; testo: 19 [pagine: 252-270])"
650 _aSTORIA DELLA PROPAGANDA
650 _eCodice materia Spics: 6258
942 _cBK
957 _71
999 _c48992
_d48992
999 _bSI
999 _g1